00386nam a2200157Ia 45000010006000000050017000060080041000230410008000640820016000721000031000882450056001192600009001753000028001846500008002126540008002202011920260306172743.0260306t1975||||xx |||||||||||||| ||spa|| aESP a342.25bV76 aVitoria, Francisco deeAUT 0aRelecciones sobre los indios y el derecho de guerra c1975 a147 páginas :c17 cm. aGEN aCDE